00881nam a22002177a 4500999001900000005001700019010001500036020002700051035001400078037001300092082001400105245013100119260004400250270009500294300002800389700003500417700003100452700002600483942002800509952012600537 c193208d19320820221017173141.0 aENG-135468 a9789391490065c1180.00 aEN-119000 bDBAD/PUB a327.54052 aIndia-Japan relations @70:bbuilding beyond the bilateral/ced. by Srabani Roy Choudhary, Sahana Thankachan [and] Parul Bakshi aNew DelhibKW Publishes pvt. ltd.c2021 a4676/21, first floor, ansari road, daryaganjbNew Delhie110002k011-43528107mkw@kwpub.in a363p.c24cm(hbk)bIndex aChoudhury, Srabani RoyeEditor aThankachan, SahanaeEditor aBakshi, ParuleEditor 2ddccENmINDh327.54052 001040708NFICaVPbVPd2022-10-17eDBAD/PUBg1180.00l0o327.54052 INDpEN-119000r2022-10-17 00:00:00t1v1180.00yEN